| 000 | 01063cad a22001935a 4500 | ||
|---|---|---|---|
| 001 | L145914 | ||
| 008 | 081121s2008 xxk f v 000 0 eng d | ||
| 035 | _a(Sirsi) u145914 | ||
| 041 | 0 | _aeng | |
| 100 | 1 | _aFriday, Kenny | |
| 245 | 0 | 0 |
_aCommercial leases and the disclaimer process _ba brief guide _h[electronic resource] |
| 260 |
_a[S.l.] _bMondaq _c2008 |
||
| 520 | _aDiscusses what happens when landlords whose tenants have gone into liquidation find themselves on the receiving end of a notice of disclaimer from liquidators relating to their property. Explains the disclaimer process in the context of leasehold premises and company tenants and comments on the implications of a disclaimer of a lease on the parties involved. | ||
| 590 | _aKA | ||
| 651 | 4 |
_aUnited Kingdom _y |
|
| 690 | _aPROPERTY-COMMERCIAL PROPERTY-LEASEHOLD COMMERCIAL PROPERTY-COMMERCIAL LANDLORD AND TENANT-COMMERCIAL LEASES | ||
| 856 | 4 | 0 |
_uhttps://www.mondaq.com/article.asp?articleid=68748&rss=17 _zView the article free of charge (after registration) at www.mondaq.com |
| 942 | _n0 | ||
| 999 |
_c80978 _d80978 |
||